| 000 | 00000nam##2200000za#4500 |
| 001 | 9.579981 |
| 003 | CaOODSP |
| 005 | 20210624190823 |
| 007 | cr ||||||||||| |
| 008 | 150406|2004||||xxc|||||o f|0| 0 eng|d |
| 022 | |a1488-5387 |
| 040 | |aCaOODSP|beng |
| 043 | |an-cn--- |
| 086 | 1 |aFs97-4/2676E-PDF |
| 110 | 1 |aCanada. |bDepartment of Fisheries and Oceans. |
| 245 | 10|a1999 coho catch and release mortality studies (marine recreational) in northern British Columbia / |h[electronic resource]|cby S. Cox-Rogers. |
| 260 | |aPrince Rupert - British Columbia : |bFisheries and Oceans Canada |c2004. |
| 300 | |a31p.|breferences, tables |
| 490 | 1 |aCanadian manuscript report of fisheries and aquatic sciences|x1488-5387|vNo. 2676 |
| 500 | |aOn t. p. : Science Branch, Pacific Region, Prince Rupert, British Columbia. The catalogue number and ISSN for the print edition appear in the PDF version. |
| 546 | |a(Résumés en français) |
| 590 | |a14-13-Supp|b2014-06-23 |
| 720 | 1 |aCox-Rogers, S. |
| 776 | 0#|t1999 coho catch and release mortality studies (marine recreational) in northern British Columbia / |w(CaOODSP)9.617066 |
| 830 | #0|aCanadian manuscript report of fisheries and aquatic sciences,|x1488-5387|vNo. 2676|w(CaOODSP)9.505211 |
| 856 | 40|ahttp://publications.gc.ca|qPDF|s1225 KB|uhttps://publications.gc.ca/collections/collection_2014/mpo-dfo/Fs97-4-2676-eng.pdf|yNo. 2676 |